[Event "Santiago Endesa 03"]
[Site "Santiago de Chile"]
[Date "2010.05.24"]
[Round "9"]
[White "Ramirez Melo, Sebastian"]
[Black "Carrasco Fernandez, Daniel1"]
[Result "0-1"]
[WhiteElo "1786"]
[BlackElo "1792"]
[PlyCount "40"]
[EventDate "2010.05.03"]
[EventType "tourn"]
[EventRounds "11"]
[EventCountry "CHI"]
[SourceTitle "EXT 2012"]
[Source "ChessBase"]
[SourceDate "2011.11.24"]
[SourceVersion "1"]
[SourceVersionDate "2011.11.24"]
[SourceQuality "1"]

1. e4 c5 2. Nf3 d6 3. d4 cxd4 4. Nxd4 Nf6 5. Nc3 g6 6. Be3 Bg7 7. f3 0-0 8. Qd2 Nc6 9. Bc4 Bd7 10. 0-0-0 Rc8 11. Bb3 Nxd4 12. Bxd4 b5 13. e5 dxe5 14. Bxe5 Bf5 15. Qe2 Qa5 16. g4 b4 17. Nd5 Bh6+ 18. Kb1 Nxd5 19. Rxd5 Rxc2 20. Rxa5 Rc1# 0-1

[Event "Santiago Endesa 03"]
[Site "Santiago de Chile"]
[Date "2010.05.10"]
[Round "4"]
[White "Ramirez Melo, Sebastian"]
[Black "Tapia Fuentes, Jaime"]
[Result "0-1"]
[WhiteElo "1786"]
[BlackElo "1907"]
[PlyCount "62"]
[EventDate "2010.05.03"]
[EventType "tourn"]
[EventRounds "11"]
[EventCountry "CHI"]
[SourceTitle "EXT 2012"]
[Source "ChessBase"]
[SourceDate "2011.11.24"]
[SourceVersion "1"]
[SourceVersionDate "2011.11.24"]
[SourceQuality "1"]

1. e4 b6 2. d4 Bb7 3. Nc3 e6 4. Bd3 Nf6 5. Nf3 Bb4 6. Qe2 d5 7. e5 Ne4 8. Bd2 Nxd2 9. Nxd2 c5 10. Bb5+ Bc6 11. Bxc6+ Nxc6 12. Nb5 cxd4 13. c3 dxc3 14. bxc3 Be7 15. 0-0 0-0 16. Nd4 Rc8 17. f4 Qd7 18. N2b3 g6 19. Rf3 Nxd4 20. cxd4 Rc4 21. g4 Rfc8 22. f5 Rc2 23. Qe3 Qb5 24. fxe6 fxe6 25. Raf1 Qe2 26. Qxe2 Rxe2 27. Nc1 Rd2 28. h3 Rxd4 29. Rf7 Bc5 30. Kg2 Rd2+ 31. Kg3 Rf8 0-1